Foundations of library and information science. (Record no. 7011)
[ view plain ]
| 000 -LEADER | |
|---|---|
| fixed length control field | 00619nam a22002172 4500 |
| 001 - CONTROL NUMBER | |
| control field | 0000005340 |
| 005 - DATE AND TIME OF LATEST TRANSACTION | |
| control field | 20151217152002.0 |
| 008 - FIXED-LENGTH DATA ELEMENTS--GENERAL INFORMATION | |
| fixed length control field | 070612s xx 000 0 eng d |
| 020 ## - INTERNATIONAL STANDARD BOOK NUMBER | |
| International Standard Book Number | 812612623X : |
| Terms of availability | KES 3,700 |
| 040 ## - CATALOGING SOURCE | |
| Original cataloging agency | KABU |
| Transcribing agency | KABU |
| 050 #0 - LIBRARY OF CONGRESS CALL NUMBER | |
| Classification number | Z665 |
| Item number | .K38 |
| 100 1# - MAIN ENTRY--PERSONAL NAME | |
| Personal name | Kaushik, P. |
| -- | 0000156587 |
| 245 10 - TITLE STATEMENT | |
| Title | Foundations of library and information science. |
| 260 ## - PUBLICATION, DISTRIBUTION, ETC. (IMPRINT) | |
| Place of publication, distribution, etc. | New Delhi : |
| Name of publisher, distributor, etc. | Anmol, |
| Date of publication, distribution, etc. | 2006. |
| 300 ## - PHYSICAL DESCRIPTION | |
| Extent | vii, 324 p. |
| 650 #0 - SUBJECT ADDED ENTRY--TOPICAL TERM | |
| Topical term or geographic name as entry element | Library science. |
| -- | 0000156588 |
| 650 #0 - SUBJECT ADDED ENTRY--TOPICAL TERM | |
| Topical term or geographic name as entry element | Information science. |
| -- | 0000156589 |
| 908 ## - PUT COMMAND PARAMETER (RLIN) | |
| Put command parameter | 070612 |
| 950 ## - LOCAL HOLDINGS (RLIN) | |
| -- | 1 |
| Withdrawn status | Lost status | Source of classification or shelving scheme | Not for loan | Home library | Current library | Date acquired | Total Checkouts | Full call number | Barcode | Date last seen | Price effective from | Koha item type |
|---|---|---|---|---|---|---|---|---|---|---|---|---|
| Library of Congress Classification | Kabarak, Main Campus | Kabarak, Main Campus | 17/12/2015 | Z665 .K38 | 009495 | 10/03/2016 | 17/12/2015 | General Collection |